000 00574nam a2200181Ia 4500
008 151018s9999 xx 000 0 und d
082 _bRBASDV30980
_a891.463
100 _aसुरेश मथुरे
245 _aकँकट्स व्हिला
250 _b1
260 _bपुणे प्रकाशन
_c1998
300 _a139
600 _aसुरेश मथुरे
630 _aकँकट्स व्हिला
700 _aसुरेश मथुरे
730 _aकँकट्स व्हिला
942 _cBOOK
999 _c1030519
_d1030516